[Event "Eberstadt"]
[Site "Eberstadt"]
[Date "2022.09.02"]
[Round "7"]
[White "Richter, Nils"]
[Black "Gabriel, Josef"]
[Result "1/2-1/2"]
[WhiteElo "2328"]
[BlackElo "2054"]
[PlyCount "65"]
[EventDate "2022.08.27"]
[EventType "tourn"]
[EventRounds "9"]
[EventCountry "GER"]
[EventCategory "5"]
[SourceTitle "CBM 210 Extra"]
[Source "ChessBase"]
[SourceDate "2022.11.30"]
[SourceVersion "1"]
[SourceVersionDate "2022.11.30"]
[SourceQuality "1"]

1. d4 g6 2. c4 Bg7 3. Nf3 d6 4. g3 Nd7 5. Bg2 e5 6. Nc3 Ne7 7. 0-0 0-0 8. Rb1 h6 9. dxe5 dxe5 10. b4 a5 11. b5 Nf5 12. Ba3 Re8 13. Nd2 Bf8 14. Bxf8 Rxf8 15. Nde4 Nd4 16. c5 f5 17. e3 Ne6 18. c6 bxc6 19. bxc6 Nb6 20. Qxd8 Rxd8 21. Nf6+ Kf7 22. Nfd5 Nxd5 23. Bxd5 Ba6 24. Rfd1 Ke7 25. Bb3 Rd3 26. Rxd3 Bxd3 27. Rd1 Nc5 28. Na4 Nxa4 29. Rxd3 Nc5 30. Rd5 Nxb3 31. axb3 Kf6 32. Kf1 Ra6 33. Ke2 1/2-1/2